Statystyki dla KWIATY NA LITERĘ „P”

Kliknij tutaj aby rozwiązać quiz!

Ogólne statystyki

  • Ten quiz został rozwiązany 134 razy
  • Średni wynik to 3 z 6

Statystyki odpowiedzi

Odpowiedź% Poprawnych
PELARGONIA
75%
PIWONIA
74%
PETUNIA
54%
PAPROĆ
38%
PRZEBIŚNIEG
38%
PIERWIOSNEK
34%

Rozkład punktacji

Percentyl według liczby udzielonych odpowiedzi

Procent ludzi z każdym wynikiem

Twoja historia wyników

Nie rozwiązałeś tego quizu